000 00626cab a2200229 4500
001 X128
008 090401t1992 xxu||||| |||| 00| 0 eng d
035 _a(Sirsi) u64079
041 _aeng
100 _aTemple, P.
245 _aHow to beat a hostile takeover
260 _c1992
350 _a0
490 _aJournal of Property Finance
_v2(4) Spring 1992, 476-483(8)
650 _aCITY CODE ON TAKEOVERS AND MERGERS
650 _aFROGMORE ESTATES
650 _aHOSTILE TAKEOVERS
650 _aSOUTHEND PROPERTY HOLDINGS
690 _aPROPERTY-PROPERTY FINANCE AND INVESTMENT
942 _n0
948 _c04/03/1997
999 _c39887
_d39887